000 00563nam a2200205 a 4500
001 18021
003 CO-ViMGA
008 141112s2004 ck r 000 u spa d
020 _a8472900215
040 _aCO-ViMGA
_bspa
_cCO-ViMGA
082 0 4 _a615.89 L45a
100 1 _aChai Hsi, Edward Lim
_925553
245 1 0 _aAcupuntura anestesica
260 _aBarcelona (España),
_cBellaterra,
_c1982
300 _a186.p.
590 _aForma de adquisición : Premio - Mincultura
650 1 4 _aACUPUNTURA
650 1 4 _aANESTESIA EN ACUPUNTURA
_925554
942 _2ddc
_cBK
999 _c27399
_d27399